Normal view
MARC view
Entry Geographic Name
001 - CONTROL NUMBER
- control field: 38166
003 - CONTROL NUMBER IDENTIFIER
- control field: dpl
005 - DATE AND TIME OF LATEST TRANSACTION
- control field: 20120104115400.0
008 - FIXED-LENGTH DATA ELEMENTS
- fixed length control field: 120104|||a|||||| | ||| d
040 ## - CATALOGING SOURCE
- Original cataloging agency: dpl
- Transcribing agency: dpl
151 ## - HEADING--GEOGRAPHIC NAME
- Geographic name: Madhya Pradesh (India)
- General subdivision: Social life and customs.
670 ## - SOURCE DATA FOUND
- Source citation: Work cat.: (dpl)0: Gautam, Rajesh K. 38163, Baigas :, 2011
670 ## - SOURCE DATA FOUND
- Source citation: Work cat.: (dpl)0: Gautam, Rajesh K. 38163, Baigas :, 2011
